000 01540cam a2200277 a 4500
020 _a9780980187182 (pbk.)
020 _a0980187184 (pbk.)
040 _cBTCTA
082 _aFAO ROM 2007 C131 OR.
245 0 0 _aApproaches to linking producers to markets
260 _a[Washington, D. C.] :
_bCenter for Transatlantic Relations, Johns Hopkins University ;
_a[Berlin, Germany] :
_bGlobal Public Policy Institute,
_cc2009.
300 _aviii, 487 p. :
_bill., maps ;
_c26 cm.
500 _aThe contributions to this book were created as part of the project "Raising the Bar: Enhancing Transatlantic Governance of Disaster Relief and Preparedness...The findings of the project are based on the insights of 16 field-level case studies that were commissioned for the project" -- P. vii.
500 _aFunded through the European Commissions pilot program on transatlantic methods for handling common global challenges and was also supported by the German Federal Ministry for Economic Cooperation and Development (BMZ).
650 0 _aHumanitarian assistance
650 0 _aDisaster relief
650 0 _aHumanitarian assistance, European.
650 0 _aHumanitarian assistance, American.
650 7 _aassistance humanitaire
700 1 _aSteets, Julia,
700 1 _aHamilton, Daniel S.
710 2 _aPaul H. Nitze School of Advanced International Studies.
710 2 _aGlobal Public Policy Institute.
856 4 1 _uhttp://www.disastergovernance.net/fileadmin/gppi/Humanitarian_Assistance_EU-US-Cooperation.pdf
942 _cAEDBB
999 _c20953
_d20953